Get the Picture: The Office Quiz Stats

 Plays Quiz Updated Sep 28, 2019

Score 0/12 Timer 03:00
27 Plays Today
Question Answer Wrong Answers
Receptionist during the Pilot episode Pam
96.4%
Michael
0.7%
Jim
0.8%
Dwight
0.6%
Owns a beet farm Dwight
94.8%
Michael
1.5%
Jim
1.4%
Pam
0.7%
Former volunteer sheriff's deputy Dwight
93.7%
Michael
1.9%
Jim
2.2%
Pam
0.5%
Dates Pam's mother Michael
93.4%
Jim
1.4%
Dwight
3.1%
Pam
0.4%
Attends art school at the Pratt Institute Pam
93.1%
Michael
1.3%
Jim
2.3%
Dwight
1.8%
Marries Angela Dwight
91.8%
Michael
2.8%
Jim
3.2%
Pam
0.5%
Starts their own paper company, named after themselves Michael
91%
Jim
1.5%
Dwight
5.9%
Pam
0.2%
Transferred to Stamford Jim
88.8%
Michael
4.3%
Dwight
2.6%
Pam
2.7%
Nicknamed 'Big Tuna' Jim
88%
Michael
5.4%
Dwight
4.5%
Pam
0.5%
Falls into a koi pond Michael
85.5%
Jim
1.9%
Dwight
9.4%
Pam
1.5%
Works for Athlead Jim
83.7%
Michael
5.4%
Dwight
6.2%
Pam
3.2%
Gets permanently banned from Chili's Pam
56.1%
Michael
31%
Jim
1.7%
Dwight
9.6%

Today's Daily Dose

Missing Word
Video Games (A-Z)

Get the Picture
Tom Hanks

You're not logged in!

Compare scores with friends on all Sporcle quizzes.
OR
Log In

Sporcle TV

Today on Sporcle TV


Watch our educational content, quiz creation guides, and fun videos on Sporcle TV.

Show Comments

Extras

Top Quizzes Today


Score Distribution

Your Account Isn't Verified!

In order to create a playlist on Sporcle, you need to verify the email address you used during registration. Go to your Sporcle Settings to finish the process.

Report this User

Report this user for behavior that violates our Community Guidelines.

Details: